000
00213 a2200097 4500
001
15987
100
_a
Haddad A.H
245
_a
Non linear systems
260
_a
U.S.A
_b
Dowden Hutchinson
_c
090
_c
12395
_d
12395
942
_a
NUST-CAE
_c
M
_c
2664
999
_c
251060
_d
251060